Impresores, editores, correctores y cajistas siglo XV. / (Record no. 2174)
[ view plain ]
| 000 -CABECERA | |
|---|---|
| campo de control de longitud fija | 00778nam a2200229 a 4500 |
| 001 - NÚMERO DE CONTROL | |
| campo de control | 000002329 |
| 005 - FECHA Y HORA DE LA ÚLTIMA TRANSACCIÓN | |
| campo de control | 20200929150202.0 |
| 008 - DATOS DE LONGITUD FIJA--INFORMACIÓN GENERAL | |
| campo de control de longitud fija | 090701s2006 sp 001 0 spa d |
| 020 ## - NÚMERO INTERNACIONAL ESTÁNDAR DEL LIBRO | |
| Número Internacional Estándar del Libro | 8493350494 |
| 040 ## - FUENTE DE LA CATALOGACIÓN | |
| Centro catalogador/agencia de origen | DO-SdBNP |
| 082 ## - NÚMERO DE LA CLASIFICACIÓN DECIMAL DEWEY | |
| Número de clasificación | xxx |
| Número de documento/Ítem | H477i |
| 049 ## - FONDOS LOCALES (OCLC) | |
| Fondos de biblioteca | BNPD |
| 100 0# - ENTRADA PRINCIPAL--NOMBRE DE PERSONA | |
| Nombre de persona | Hellinga, Lotte |
| 9 (RLIN) | 7408 |
| 245 10 - MENCIÓN DE TÍTULO | |
| Título | Impresores, editores, correctores y cajistas siglo XV. / |
| Mención de responsabilidad, etc. | Lotte Hellinga; nota previa Pablo Andrés Escapa. |
| 260 ## - PUBLICACIÓN, DISTRIBUCIÓN, ETC. | |
| Lugar de publicación, distribución, etc. | Madrid, : |
| Nombre del editor, distribuidor, etc. | Instituto de historia del libro y de la lectura, |
| Fecha de publicación, distribución, etc. | 2006. |
| 300 ## - DESCRIPCIÓN FÍSICA | |
| Extensión | 236p. : |
| Otras características físicas | il. ; |
| Dimensiones | 24 cm. |
| 500 ## - NOTA GENERAL | |
| Nota general | Incluye índice |
| 500 ## - NOTA GENERAL | |
| Nota general | Incluye notas a pie de páginas |
| 500 ## - NOTA GENERAL | |
| Nota general | Incluye procedencia de los textos |
| 504 ## - NOTA DE BIBLIOGRAFÍA, ETC. | |
| Nota de bibliografía, etc. | Incluye referencia bibliográfica |
| 700 0# - PUNTO DE ACCESO ADICIONAL--NOMBRE DE PERSONA | |
| Nombre de persona | Escapa, Pablo Andrés |
| Término indicativo de función/relación | Nota previa |
| 9 (RLIN) | 7409 |
| Estado de retiro | Estado de pérdida | Restricciones de uso | No para préstamo | Código de colección | Localización permanente | Ubicación/localización actual | Ubicación en estantería | Fecha de adquisición | Número de inventario | Total de préstamos | Signatura topográfica completa | Código de barras | Fecha visto por última vez | Precio válido a partir de | Tipo de ítem Koha |
|---|---|---|---|---|---|---|---|---|---|---|---|---|---|---|---|
| Préstamo interno | Monografías: Libros y Folletos | General | General | Orden iniciada | 01.07.2009 | LF1 | xxx H477i | 2329-10 | 25.06.2020 | 25.06.2020 | Préstamo interno | ||||
| Excluido de préstamo | Monografías: Libros y Folletos | General | General | En catalogación | 01.07.2009 | LF1 | xxx H477i | 2330-10 | 25.06.2020 | 25.06.2020 | No se presta |
